000 00347nam a2200133Ia 4500
008 240624s9999 xx 000 0 und d
041 _aeng
082 _a420 ETE
100 _aTHE EDITORS OF THINK ENGLISH
245 _aREAD AND THINK ENGLISH
260 _c2008
_aNew York
_bMcGraw-Hill Education
300 _a205 : p. : 23 : cm.
365 _c
_b30
999 _c11870
_d11870